Bernard Shaw / Frank Harris

Guardat en:
Dades bibliogràfiques
Autor principal: Harris, Frank (autor)
Format: Llibre
Col·lecció:Biografías históricas y novelescas
Matèries:
Etiquetes: Afegir etiqueta
Sense etiquetes, Sigues el primer a etiquetar aquest registre!

MARC

LEADER 00000nam^a2200000^u^4500
001 000550121
005 20250521000000.0
008 060220s1000^^^^^^^^^^^^r^^^^^000^0^spa^d
009 20260310131527.198
035 |a FMI 000019893 
037 |a Acervo Xavier Clavigero 
096 |a 3.6.2/101/E 
100 |a Harris, Frank  |e (autor) 
245 1 0 |a Bernard Shaw / Frank Harris 
264 |a Buenos Aires : Losada, 1943 
300 |a 332 p. 
336 |a texto  |b txt  |2 rdacontenido 
337 |a sin mediación  |b n  |2 rdamedio 
338 |a volumen  |b nc  |2 rdasoporte 
440 0 |a Biografías históricas y novelescas 
649 |a XX 
650 |a 1.Shaw, Bernard 
910 |a Fondo Francisco Migoya Covarrubias S.J. 
920 |a Impresos - Libros 
930 |a Fondos Especiales 
905 |a 134 
901 |a SBC28786  |b IT2  |c ESP  |u 20250521 
902 |a https://opac.biblio.iteso.mx/vufind/Record/000550121